Kamus geografi KBSM Utusan
| Main Author: | |
|---|---|
| Other Authors: | |
| Format: | Book |
| Published: |
K.L :
Utusan ,
1993
|
| Subjects: |
MARC
| LEADER | 00000cam a2200000 7i4500 | ||
|---|---|---|---|
| 001 | 0000002911 | ||
| 002 | 000003150 | ||
| 005 | 20000330.0 | ||
| 020 | |a 9676103586 | ||
| 090 | 0 | 0 | |a 910.3 |b SHA |
| 100 | 0 | |a Shaharudin Ahmad | |
| 245 | 1 | 0 | |a Kamus geografi KBSM Utusan |c Shahrudin Ahmad dan Noraziah Ali |
| 260 | |a K.L : |b Utusan , |c 1993 | ||
| 300 | |a 244p. ; |c 18cm. | ||
| 650 | 0 | 0 | |a Geography |x Dictionaries |
| 700 | 0 | |a Norazizah Ali | |
| 999 | |a 036474 |b BUKU |c PINJAMAN |e PERPUSTAKAAN KOMUNITI PETALING JAYA | ||